Working parents and the welfare state family change and policy reform in Scandinavia

Gespeichert in:
Bibliographische Detailangaben
1. Verfasser: Arnlaug, Leira
Format: Buch
Sprache:Englisch
Veröffentlicht: New York Cambridge University Press 2010
Schlagworte:
Tags: Tag hinzufügen
Keine Tags, Fügen Sie das erste Tag hinzu!

MARC

LEADER 00000nam a2200000 4500
001 0135156
005 20240306140049.6
020 |a 978-0-521-14497-1 
041 0 |a eng 
044 |a US 
245 1 0 |a Working parents and the welfare state  |b family change and policy reform in Scandinavia  |c Leira Arnlaug 
264 1 |a New York  |b Cambridge University Press  |c 2010 
300 |a 182 s. 
610 2 0 |a rodina 
610 2 0 |a spoločnosť 
610 2 0 |a starostlivosť o deti 
610 2 0 |a starostlivosť o rodinu 
610 2 0 |a štýl pracovný 
610 2 0 |a štýl životný 
610 2 0 |a úroveň životná 
610 2 0 |a sociológia práce 
610 2 0 |a zamestnanie 
610 2 0 |a žena a rodina 
610 2 0 |a ženy 
610 2 0 |a muži 
610 2 0 |a deti 
610 2 0 |a Škandinávia 
610 2 0 |a politika sociálna 
610 2 0 |a reformy sociálne 
610 2 0 |a štát blahobytu 
100 1 |a Arnlaug, Leira